Nuevos descubrimientos en el norte argentino : históricos: salta, Chicoana, etc. /

Detalles Bibliográficos
Autor principal: Fortuny, Pablo
Formato: Libro
Publicado: Buenos Aires : Ediciones Paulinas, 1972.
Materias:
Etiquetas: Agregar Etiqueta
Sin Etiquetas, Sea el primero en etiquetar este registro!

MARC

LEADER 00000nam a22000004a 4500
001 AR-BbUGT2760
003 AR-BbUGT
005 20210429122127.0
007 ta
008 061101t1972 ||| |0|||0| d
999 |c 10319  |d 10319 
040 |a AR-BbUGT  |b spa  |c AR-BbUGT 
082 0 4 |a 918.24 
100 1 |a Fortuny, Pablo. 
245 1 0 |a Nuevos descubrimientos en el norte argentino : históricos:   |b salta, Chicoana, etc. /   |c Pablo Fortuny. 
260 |a Buenos Aires :   |b Ediciones Paulinas,   |c 1972. 
300 |a 108 p. 
651 4 |a Salta (Argentina : Provincia)  |9 374 
653 |a Norte Argentino 
653 |a Descubrimientos 
653 |a Norte argentino 
942 |c BK  |h 918.24  |i F779  |m D  |2 ddc  |6 918_240000000000000_F779